| 000 | 00711nam a2200289Ia 4500 | ||
|---|---|---|---|
| 001 | Z_3361 | ||
| 003 | CHAP | ||
| 008 | 220113s9999 xx 000 0 und d | ||
| 010 | _a166472 | ||
| 020 | _a0-39-00406-0 | ||
| 040 | _cCHAP | ||
| 082 | _a575.1 S34 | ||
| 100 |
_aScheinfeld, Amram _9140547 |
||
| 245 |
_aYour heredity and environment / _cAmram Scheinfeld |
||
| 260 |
_aEstados Unidos de América : _bLippincott, _c |
||
| 300 | _axxiv, 830 p. | ||
| 503 | _aej.1: s/n | ||
| 504 | _aBibliografía: p. 755 - 806 | ||
| 650 |
_aGenética _947469 |
||
| 650 |
_aGenética humana _9124613 |
||
| 901 | _a575.1 S34 | ||
| 902 | _aM | ||
| 910 | _a | ||
| 942 | _c1 | ||
| 942 | _cc1 | ||
| 999 |
_c166472 _d166472 |
||